Country Tripoints by Initials #3 - Statistics

General Stats
  • This quiz has been taken 56 times
  • The average score is 52 of 57
Answer Stats
ANSWER % Correct
A
98%
B
98%
C
98%
Colombia
98%
Ecuador
98%
India
98%
L
98%
Peru
98%
Austria
95%
C
95%
China
95%
China
95%
F
95%
Finland
95%
G
95%
G
95%
I
95%
Laos
95%
Laos
95%
C
93%
C
93%
Germany
93%
Liberia
93%
Norway
93%
Pakistan
93%
Pakistan
93%
S
93%
S
93%
Sweden
93%
T
93%
T
93%
Thailand
93%
Czech Republic
91%
Iran
91%
L
91%
N
91%
P
91%
Turkey
91%
Burma
88%
Burma
88%
C
88%
Cote d'Ivoire
88%
E
88%
G
88%
Iraq
88%
L
88%
Syria
88%
Afghanistan
86%
Gabon
86%
I
86%
P
86%
A
84%
B
84%
Cameroon
84%
Guinea
84%
Equatorial Guinea
81%
I
81%
No matching quizzes found
Score Distribution
Percent of People with Each Score
Percentile by Number Answered
Your Score History
You have not taken this quiz